01054 a2200121 4500082001600000100002000016245005600036260009500092300003400187505064100221650005100862700001900913 a302bAL473t aAlvarenga, Luis aTiempos de AudaciabLos Mass Media de una Guerrilla aEl SalvadorbAsociacion Centro de Capacitacion y Promocion para la Democraia, CECADEc2013 a437 Pbil (some color)c23 cm tPrologo I Prologo II Prefaciot1. El surgimiento de una guerrillat2. Origen del colectivo de prensa y propaganda del PRS-ERP-LP28 (1972-1980)t3. La construccion del aparato comunicacional en la Guerra (1981-1983) Un ejercito de creativos en acciont4. Montando una radio guerrillerat5. El capital simbolico de la radio insurgente: El COMIN y el sistema Radio Venceremost6. El salto al cinet7. Juglares insurgentest8. En la recta final de la guerra (1990-1992)t9. Del cese al fuego a la posguerratEpilogo El valor de la memoria: registrar sin censura Bibliografia Las estructuras comunicativas del PRS-ERP LP-28 y sus integrantes aComunicaciǹ¤vHistoria de medioszEl Salvador aLuis Alvarenga